Приказы по Министерству Внутренних Дел

Доступно только в Электронных читальных залах Найти на картеНа карте
RUSMARC
00003665nac2a22002413x 450
001fd345bb2-b946-482e-96c3-a01b155ab45b
00520190219070635.0
100##$a20190115l 1919k y0rusy50 ca
1010#$arus
102##$aRU
105##$ay z |||||
2001#$aПриказы по Министерству Внутренних Дел
$j08 февраля 1919 - 03 октября 1919
215##$a493 листа
251##$cДело
300##$aЛисты: 1-2, 10, 27, 29, 31, 33, 50, 62, 66-67, 85, 87, 130, 197, 204, 212, 249, 253, 270, 285, 286, 336, 376, 378, 428, 448, 452, 466 - поврежденные
300##$aМашинописный и рукописный текст
324##$aПодлинники и копии
461#0$10010f0e3429-2e37-4fb4-ace0-6332d350a692
$12001
$aМинистерство внутренних дел Российского правительства. Омск
$1251
$cФонд
$1852
$j1700
$gР
462#0$100196992368-87aa-4ec8-94b8-d5a64cfcd599
$12001
$aКанцелярия министра. 1918-1919 гг.
$vД. 1
$1251
$cОпись
$1852
$j7
60102$3RU\NLR\AUTH\8810247804
$aВременное Сибирское правительство
$bМинистерство внутренних дел
801#0$aRU
$bGA_RF
801#1$aRU
$bГлавНИВЦ
$c20190115
$2rusmarc
801#2$aRU
$bПБ им. Б.Н. Ельцина
$c20190219
$gRCR
$2rusmarc
852##$aГА РФ
$j1
937##$d125586205
$hПБ
035##$aRuPRLIB51055320
856##$uhttp://readingroom.main.prlib.ru/item.aspx?id_node=n125586205&mode=full
Формат отображения